El Estudio: método y práctica
সংরক্ষণ করুন:
| প্রধান লেখক: | |
|---|---|
| বিন্যাস: | গ্রন্থ |
| ভাষা: | স্প্যানিশ |
| প্রকাশিত: |
Valparaíso
Universidad Católica de Valparaíso
1980
|
| বিষয়গুলি: | |
| ট্যাগগুলো: |
ট্যাগ যুক্ত করুন
কোনো ট্যাগ নেই, প্রথমজন হিসাবে ট্যাগ করুন!
|
MARC
| LEADER | 00000nam a2200000 a 4500 | ||
|---|---|---|---|
| 001 | UCH7036 | ||
| 003 | CL-VaPUC | ||
| 008 | 091109e19800000CL |||||||||||||||||spa|d | ||
| 082 | 0 | 4 | |a 371.3 |b MAR |2 21 |
| 100 | |a Marcus Quezada, Ella |e autora |9 543518 | ||
| 245 | 1 | 3 | |a El Estudio: método y práctica |
| 300 | |a 30 p | ||
| 942 | |c BK | ||
| 945 | |d 20091109 00:00:00 |a ccalabra | ||
| 260 | |a Valparaíso |b Universidad Católica de Valparaíso |c 1980 | ||
| 650 | 0 | |a Educación |9 258661 | |
| 650 | 0 | |a Métodos de aprendizaje |9 334464 | |
| 650 | 0 | |a Recursos educacionales |9 283370 | |
| 650 | 0 | |a Psicología educacional |9 307830 | |
| 650 | 0 | |a Psicología del aprendizaje |9 306854 | |
| 650 | 0 | |a Psicología cognitiva |9 306250 | |
| 650 | 0 | |a Métodos de estudio |9 260518 | |
| 583 | |a last modification |c 20091109 00:00:00 |k Rodrigo Vera | ||
| 999 | |c 337792 |d 337790 | ||